[Event "Brno CEZ op"]
[Site "Brno"]
[Date "2014.08.30"]
[Round "8"]
[White "Licka, Vlastimil"]
[Black "Dvorak, Adam"]
[Result "1/2-1/2"]
[WhiteElo "1959"]
[BlackElo "2130"]
[PlyCount "98"]
[EventDate "2014.08.24"]
[EventType "swiss"]
[EventRounds "9"]
[EventCountry "CZE"]
[SourceTitle "CBM 162 Extra"]
[Source "ChessBase"]
[SourceDate "2014.10.17"]
[SourceVersion "1"]
[SourceVersionDate "2014.10.17"]
[SourceQuality "1"]

1. e4 c5 2. Nf3 a6 3. c4 e6 4. d4 cxd4 5. Nxd4 Nf6 6. Nc3 d6 7. Be3 Qc7 8. Be2 b6 9. Qd2 Bb7 10. f3 Nbd7 11. 0-0 Be7 12. Rac1 Rc8 13. Qe1 Ne5 14. b3 Ng6 15. Qf2 0-0 16. Bd3 Bd8 17. Nce2 Qb8 18. g3 Bc7 19. Bg5 Nd7 20. Be3 Rce8 21. Bb1 Nge5 22. h3 Nc5 23. Rcd1 Qa8 24. Nc3 Nc6 25. Rfe1 Nxd4 26. Bxd4 f5 27. Qe3 Nd7 28. Na4 Qd8 29. f4 b5 30. cxb5 axb5 31. Nc3 e5 32. fxe5 dxe5 33. Bc5 f4 34. Qf3 fxg3 35. Bxf8 Rxf8 36. Qg4 Qf6 37. Rf1 Qb6+ 38. Kh1 Rxf1+ 39. Rxf1 Nf6 40. Qxg3 b4 41. Re1 bxc3 42. Qxc3 Qf2 43. Qc4+ Kh8 44. Rf1 Qg3 45. Qxc7 Qxh3+ 46. Kg1 Qg3+ 47. Kh1 Qh3+ 48. Kg1 Qg3+ 49. Kh1 Qh3+ 1/2-1/2

[Event "Brno CEZ op"]
[Site "Brno"]
[Date "2014.08.27"]
[Round "5"]
[White "Svanda, Ondrej"]
[Black "Licka, Vlastimil"]
[Result "1-0"]
[WhiteElo "1725"]
[BlackElo "1959"]
[PlyCount "55"]
[EventDate "2014.08.24"]
[EventType "swiss"]
[EventRounds "9"]
[EventCountry "CZE"]
[SourceTitle "CBM 162 Extra"]
[Source "ChessBase"]
[SourceDate "2014.10.17"]
[SourceVersion "1"]
[SourceVersionDate "2014.10.17"]
[SourceQuality "1"]

1. e4 c5 2. Nc3 a6 3. g3 b5 4. Bg2 Bb7 5. d3 Nc6 6. Be3 d6 7. Qd2 e6 8. f4 Qc7 9. Nf3 Nf6 10. h3 Be7 11. 0-0 Nd7 12. Ne2 Nb6 13. c3 0-0-0 14. b3 d5 15. e5 h6 16. Rfb1 Kb8 17. a4 b4 18. d4 c4 19. a5 Nc8 20. bxc4 Nxa5 21. c5 Nc4 22. Qd3 bxc3 23. Qxc3 Qc6 24. Nd2 Nxd2 25. Bxd2 g5 26. Qd3 Ka8 27. Nc1 gxf4 28. Nb3 1-0

[Event "Brno CEZ op"]
[Site "Brno"]
[Date "2014.08.24"]
[Round "1"]
[White "Sergeev, Vladimir"]
[Black "Licka, Vlastimil"]
[Result "1-0"]
[WhiteElo "2438"]
[BlackElo "1959"]
[PlyCount "83"]
[EventDate "2014.08.24"]
[EventType "swiss"]
[EventRounds "9"]
[EventCountry "CZE"]
[SourceTitle "CBM 162 Extra"]
[Source "ChessBase"]
[SourceDate "2014.10.17"]
[SourceVersion "1"]
[SourceVersionDate "2014.10.17"]
[SourceQuality "1"]

1. d4 Nf6 2. c4 e6 3. Nf3 b6 4. Nc3 Bb7 5. a3 Be7 6. d5 0-0 7. g3 exd5 8. cxd5 d6 9. Bg2 Nbd7 10. Nd4 a6 11. 0-0 Re8 12. b3 Bf8 13. Bb2 g6 14. Qc2 Bh6 15. Rad1 Qe7 16. h3 Nc5 17. e4 Bg7 18. b4 Ncd7 19. Rfe1 b5 20. Nb3 Rac8 21. e5 Nh5 22. Na5 Ba8 23. Nc6 Bxc6 24. dxc6 Nb6 25. exd6 Qxe1+ 26. Rxe1 Rxe1+ 27. Kh2 cxd6 28. Nd5 Nxd5 29. Bxg7 Nxg7 30. Qd2 Rce8 31. Qxd5 Nf5 32. c7 Rc1 33. Qb7 Nd4 34. Qb8 Kf8 35. c8Q Rexc8 36. Qxd6+ Kg8 37. Qxd4 R1c3 38. Bb7 R8c4 39. Qf6 Rd3 40. Kg2 Rc1 41. Be4 Rxa3 42. Bd5 1-0

[Event "Brno Trade op-A 37th"]
[Site "Brno"]
[Date "2012.09.01"]
[Round "8"]
[White "Paulik, Martin"]
[Black "Licka, Vlastimil"]
[Result "1-0"]
[WhiteElo "1828"]
[BlackElo "1972"]
[PlyCount "111"]
[EventDate "2012.08.26"]
[EventType "swiss"]
[EventRounds "9"]
[EventCountry "CZE"]
[SourceTitle "CBM 150 Extra"]
[Source "ChessBase"]
[SourceDate "2012.10.19"]
[SourceVersion "1"]
[SourceVersionDate "2012.10.19"]
[SourceQuality "1"]

1. e4 c5 2. Nf3 d6 3. d4 cxd4 4. Nxd4 Nf6 5. Nc3 a6 6. Be3 e5 7. Nb3 Be6 8. Qd2 Nbd7 9. Be2 Be7 10. f3 Rc8 11. g4 h6 12. 0-0-0 b5 13. h4 Nb6 14. g5 hxg5 15. hxg5 Rxh1 16. Rxh1 Nfd7 17. Rh8+ Nf8 18. f4 g6 19. fxe5 dxe5 20. Qxd8+ Bxd8 21. Nc5 Bxg5 22. Bxg5 Rxc5 23. Be3 Rc6 24. Nxb5 Nbd7 25. Na7 Rd6 26. c4 Rd4 27. Bxd4 exd4 28. Nc6 Nc5 29. Nxd4 Nxe4 30. Nxe6 fxe6 31. Bd3 Nc5 32. Bxg6+ Ke7 33. Bc2 a5 34. Rh5 Nfd7 35. Kd2 Kd6 36. Kc3 Ne5 37. b4 axb4+ 38. Kxb4 Nc6+ 39. Kc3 Na5 40. Rh1 Nc6 41. Rb1 e5 42. Rd1+ Nd4 43. a3 Kc6 44. Re1 Kd6 45. Rh1 Nce6 46. Rh6 Kc5 47. Bd3 Nf4 48. Rh8 Nde6 49. Bf5 Ne2+ 50. Kd2 N6d4 51. Rc8+ Kb6 52. Be4 Ng3 53. c5+ Ka5 54. Bd5 Kb5 55. Kd3 Ndf5 56. Bc4+ 1-0

[Event "Brno Trade op-A 37th"]
[Site "Brno"]
[Date "2012.08.26"]
[Round "2"]
[White "Shishkin, Vadim"]
[Black "Licka, Vlastimil"]
[Result "1-0"]
[WhiteElo "2485"]
[BlackElo "1972"]
[PlyCount "55"]
[EventDate "2012.08.26"]
[EventType "swiss"]
[EventRounds "9"]
[EventCountry "CZE"]
[SourceTitle "CBM 150 Extra"]
[Source "ChessBase"]
[SourceDate "2012.10.19"]
[SourceVersion "1"]
[SourceVersionDate "2012.10.19"]
[SourceQuality "1"]

1. d4 Nf6 2. c4 e6 3. Nc3 d5 4. cxd5 exd5 5. Bg5 Be7 6. e3 h6 7. Bh4 0-0 8. Bd3 Re8 9. Qc2 c5 10. Bb5 Nc6 11. dxc5 Qa5 12. Nge2 Ne4 13. Bxe7 Rxe7 14. 0-0 Nb4 15. Qd1 a6 16. a3 Nc6 17. b4 Nxc3 18. Nxc3 Qd8 19. Ba4 Be6 20. Ne2 Rc8 21. Nd4 Ne5 22. Rc1 Rec7 23. Bc2 Qf6 24. f4 Nc4 25. Qd3 Bd7 26. e4 Bc6 27. e5 Qg6 28. Qe2 1-0

[Event "Brno Trade op"]
[Site "Brno"]
[Date "2011.08.28"]
[Round "9"]
[White "Stepan, Patrik"]
[Black "Licka, Vlastimil"]
[Result "1/2-1/2"]
[WhiteElo "1649"]
[BlackElo "2000"]
[PlyCount "64"]
[EventDate "2011.08.21"]
[EventType "swiss"]
[EventRounds "9"]
[EventCountry "CZE"]
[SourceTitle "CBM 144 Extra"]
[Source "ChessBase"]
[SourceDate "2011.10.28"]
[SourceVersion "1"]
[SourceVersionDate "2011.10.28"]
[SourceQuality "1"]

1. c4 e5 2. Nc3 Nf6 3. g3 Bb4 4. Bg2 0-0 5. Qb3 Bxc3 6. Qxc3 Re8 7. d3 d5 8. Bg5 d4 9. Qa5 Nc6 10. Bxc6 bxc6 11. Qc5 Qd6 12. Qxd6 cxd6 13. Bxf6 gxf6 14. Nf3 Bh3 15. 0-0-0 a5 16. a4 Be6 17. Nd2 f5 18. Kc2 Rab8 19. b3 Rb4 20. e3 dxe3 21. fxe3 d5 22. Kc3 Reb8 23. Rb1 Kf8 24. d4 f6 25. c5 Ke7 26. Nf3 f4 27. gxf4 Bf5 28. Rb2 Be4 29. Rf1 exf4 30. exf4 Rg8 31. Rd2 Rgb8 32. Rb2 Rg8 1/2-1/2

[Event "Brno Trade op"]
[Site "Brno"]
[Date "2011.08.21"]
[Round "1"]
[White "Cvek, Robert"]
[Black "Licka, Vlastimil"]
[Result "1-0"]
[WhiteElo "2506"]
[BlackElo "2000"]
[PlyCount "87"]
[EventDate "2011.08.21"]
[EventType "swiss"]
[EventRounds "9"]
[EventCountry "CZE"]
[SourceTitle "CBM 144 Extra"]
[Source "ChessBase"]
[SourceDate "2011.10.28"]
[SourceVersion "1"]
[SourceVersionDate "2011.10.28"]
[SourceQuality "1"]

1. c4 Nf6 2. Nc3 e6 3. Nf3 d5 4. d4 Be7 5. Bg5 h6 6. Bh4 0-0 7. e3 Ne4 8. Bxe7 Qxe7 9. Qc2 Nxc3 10. Qxc3 Nc6 11. Be2 Qb4 12. Rc1 Qxc3+ 13. Rxc3 Rd8 14. cxd5 exd5 15. Bb5 Bd7 16. Kd2 f6 17. Rhc1 Be8 18. Ne1 Rd6 19. Nd3 a6 20. Bxc6 Rxc6 21. Rxc6 bxc6 22. Rc5 a5 23. a4 Ra6 24. Nc1 Kf8 25. Kc3 Ke7 26. Nb3 Ra7 27. Rxa5 Rxa5 28. Nxa5 c5 29. b3 cxd4+ 30. exd4 Kd6 31. Nb7+ Kc6 32. Nc5 Kb6 33. Kb4 Bf7 34. a5+ Ka7 35. Kc3 h5 36. b4 c6 37. h4 Ka8 38. Kd2 Ka7 39. Ke3 Be8 40. Kf4 g6 41. f3 Ka8 42. g4 hxg4 43. fxg4 Ka7 44. g5 1-0

[Event "CZE-chT2D 0910"]
[Site "Czech Republic"]
[Date "2010.03.14"]
[Round "9.3"]
[White "Sykora, Josef"]
[Black "Licka, Vlastimil"]
[Result "1-0"]
[WhiteElo "2131"]
[BlackElo "2019"]
[PlyCount "75"]
[EventDate "2009.10.18"]
[EventType "team-tourn"]
[EventRounds "11"]
[EventCountry "CZE"]
[SourceTitle "EXT 2012"]
[Source "ChessBase"]
[SourceDate "2011.11.24"]
[SourceVersion "1"]
[SourceVersionDate "2011.11.24"]
[SourceQuality "1"]
[WhiteTeam "Pardubice AKIS"]
[BlackTeam "Brno Lokomotiva II"]
[WhiteTeamCountry "CZE"]
[BlackTeamCountry "CZE"]

1. c4 Nf6 2. g3 g6 3. Bg2 Bg7 4. Nc3 c5 5. Nf3 0-0 6. 0-0 d5 7. cxd5 Nxd5 8. Nxd5 Qxd5 9. d3 Nc6 10. Qa4 Bd7 11. Qh4 Qh5 12. Qxh5 gxh5 13. Rb1 Rac8 14. Bd2 b6 15. h4 Bg4 16. Bc3 e5 17. Rfe1 Nd4 18. Kf1 Rcd8 19. Nxd4 exd4 20. Bd2 Rfe8 21. b4 Rc8 22. b5 c4 23. Bc6 cxd3 24. Bxe8 dxe2+ 25. Rxe2 Bxe2+ 26. Kxe2 Rxe8+ 27. Kd3 f5 28. Rc1 Re7 29. Bf4 Be5 30. Re1 Bf6 31. Rxe7 Bxe7 32. Bb8 Kf7 33. Bxa7 Bd8 34. a4 Ke6 35. a5 bxa5 36. b6 a4 37. Kxd4 a3 38. Kc3 1-0

[Event "CZE-chT2D 0910"]
[Site "Czech Republic"]
[Date "2010.02.14"]
[Round "7.4"]
[White "Licka, Vlastimil"]
[Black "Nemec, Pavel"]
[Result "1/2-1/2"]
[WhiteElo "2019"]
[BlackElo "2259"]
[PlyCount "64"]
[EventDate "2009.10.18"]
[EventType "team-tourn"]
[EventRounds "11"]
[EventCountry "CZE"]
[SourceTitle "EXT 2012"]
[Source "ChessBase"]
[SourceDate "2011.11.24"]
[SourceVersion "1"]
[SourceVersionDate "2011.11.24"]
[SourceQuality "1"]
[WhiteTeam "Brno Lokomotiva II"]
[BlackTeam "Polabiny II"]
[WhiteTeamCountry "CZE"]
[BlackTeamCountry "CZE"]

1. e4 g6 2. d4 Bg7 3. Be3 c6 4. c4 d5 5. cxd5 cxd5 6. e5 Nc6 7. Nc3 Nh6 8. Qb3 e6 9. Bd3 0-0 10. Nf3 f6 11. exf6 Qxf6 12. Ne2 Nf5 13. Bxf5 Qxf5 14. Ng3 Qf7 15. Qc3 Bd7 16. 0-0 Rac8 17. Qd2 Qe7 18. Rac1 Kh8 19. a3 Rce8 20. Rfe1 Qd8 21. b4 a6 22. Bf4 Qe7 23. Ne5 Nxe5 24. Bxe5 Bxe5 25. Rxe5 Rc8 26. Rc5 b6 27. Rxc8 Rxc8 28. Re1 Qf6 29. Qe3 Kg7 30. h3 Rc4 31. Ne2 Kf7 32. Rc1 Bb5 1/2-1/2

[Event "CZE-chT2D 0910"]
[Site "Czech Republic"]
[Date "2010.01.17"]
[Round "5.4"]
[White "Zeman, Martin"]
[Black "Licka, Vlastimil"]
[Result "1-0"]
[WhiteElo "2020"]
[BlackElo "2019"]
[PlyCount "61"]
[EventDate "2009.10.18"]
[EventType "team-tourn"]
[EventRounds "11"]
[EventCountry "CZE"]
[SourceTitle "EXT 2012"]
[Source "ChessBase"]
[SourceDate "2011.11.24"]
[SourceVersion "1"]
[SourceVersionDate "2011.11.24"]
[SourceQuality "1"]
[WhiteTeam "Litomysl"]
[BlackTeam "Brno Lokomotiva II"]
[WhiteTeamCountry "CZE"]
[BlackTeamCountry "CZE"]

1. e4 c5 2. Nc3 Nc6 3. f4 e6 4. Nf3 a6 5. g3 Nge7 6. Bg2 g6 7. 0-0 d6 8. d3 Bg7 9. f5 exf5 10. Bf4 0-0 11. Qd2 Nd4 12. Bh6 Ne6 13. Bxg7 Nxg7 14. Qh6 f6 15. Qd2 Qc7 16. a4 Be6 17. Kh1 Rad8 18. Rfe1 Bf7 19. d4 Nc6 20. Rad1 Rfe8 21. Qh6 cxd4 22. Nxd4 Ne5 23. exf5 g5 24. Nd5 Bxd5 25. Bxd5+ Kh8 26. Qxf6 Ng4 27. Qxg5 Nf2+ 28. Kg2 Nxd1 29. f6 Nf5 30. Rxe8+ Rxe8 31. f7 1-0

[Event "CZE-chT2D 0910"]
[Site "Czech Republic"]
[Date "2009.11.22"]
[Round "3.4"]
[White "Mesiarik, Rudolf"]
[Black "Licka, Vlastimil"]
[Result "1-0"]
[WhiteElo "2166"]
[BlackElo "2019"]
[PlyCount "55"]
[EventDate "2009.10.18"]
[EventType "team-tourn"]
[EventRounds "11"]
[EventCountry "CZE"]
[SourceTitle "EXT 2012"]
[Source "ChessBase"]
[SourceDate "2011.11.24"]
[SourceVersion "1"]
[SourceVersionDate "2011.11.24"]
[SourceQuality "1"]
[WhiteTeam "Rychnov nad Kneznou"]
[BlackTeam "Brno Lokomotiva II"]
[WhiteTeamCountry "CZE"]
[BlackTeamCountry "CZE"]

1. Nf3 c5 2. c4 Nf6 3. g3 Nc6 4. Bg2 e5 5. Nc3 d6 6. 0-0 g6 7. d3 Bg7 8. Bd2 0-0 9. Qc1 Rb8 10. Bh6 a6 11. Bxg7 Kxg7 12. e3 h6 13. Rd1 Bg4 14. h3 Be6 15. d4 cxd4 16. exd4 exd4 17. Nxd4 Nxd4 18. Rxd4 Qb6 19. Qd2 Rfd8 20. Rd1 Qc5 21. b3 b5 22. cxb5 axb5 23. b4 Qc7 24. Bf1 Bc4 25. Rxd6 Rxd6 26. Qxd6 Qxd6 27. Rxd6 Kf8 28. Rxf6 1-0

[Event "CZE-chT2D 0910"]
[Site "Czech Republic"]
[Date "2009.11.08"]
[Round "2.3"]
[White "Strnad, Vaclav"]
[Black "Licka, Vlastimil"]
[Result "1-0"]
[WhiteElo "2087"]
[BlackElo "2019"]
[PlyCount "79"]
[EventDate "2009.10.18"]
[EventType "team-tourn"]
[EventRounds "11"]
[EventCountry "CZE"]
[SourceTitle "EXT 2012"]
[Source "ChessBase"]
[SourceDate "2011.11.24"]
[SourceVersion "1"]
[SourceVersionDate "2011.11.24"]
[SourceQuality "1"]
[WhiteTeam "Pelhrimov"]
[BlackTeam "Brno Lokomotiva II"]
[WhiteTeamCountry "CZE"]
[BlackTeamCountry "CZE"]

1. e4 d6 2. d4 Nf6 3. Nc3 e5 4. Nf3 Nbd7 5. Be2 Be7 6. h3 h6 7. Be3 c6 8. a4 b6 9. Qd2 Bb7 10. 0-0-0 a6 11. Nh4 Qc7 12. Nf5 Bf8 13. f4 b5 14. Bf3 0-0-0 15. axb5 cxb5 16. dxe5 dxe5 17. Nd5 Nxd5 18. exd5 Nc5 19. Bxc5 Bxc5 20. d6 Qb6 21. Bxb7+ Kxb7 22. fxe5 g6 23. Qd5+ Kb8 24. Ne7 Rde8 25. Rhf1 Rxe7 26. dxe7 Bxe7 27. Qxf7 Bg5+ 28. Kb1 Rc8 29. e6 Qc6 30. Qxg6 b4 31. Rfe1 a5 32. Qe4 Qb6 33. e7 Re8 34. h4 Rxe7 35. Qf5 Rxe1 36. Rxe1 Bd8 37. Re8 Qg1+ 38. Ka2 b3+ 39. cxb3 Qb6 40. Qd7 1-0

[Event "CZE-chT2E 0809"]
[Site "Czech Republic"]
[Date "2008.12.21"]
[Round "5.7"]
[White "Licka, Vlastimil"]
[Black "Staufcik, Michal"]
[Result "1/2-1/2"]
[WhiteElo "2012"]
[BlackElo "2048"]
[PlyCount "117"]
[EventDate "2008.10.12"]
[EventType "team-tourn"]
[EventRounds "11"]
[EventCountry "CZE"]
[SourceTitle "EXT 2010"]
[Source "ChessBase"]
[SourceDate "2010.11.25"]
[SourceVersion "1"]
[SourceVersionDate "2010.11.25"]
[SourceQuality "1"]
[WhiteTeam "Brno Lokomotiva II"]
[BlackTeam "Stare Mesto III"]
[WhiteTeamCountry "CZE"]
[BlackTeamCountry "CZE"]

1. e4 c5 2. Nf3 Nc6 3. Bb5 a6 4. Bxc6 bxc6 5. c3 d5 6. exd5 cxd5 7. d4 e6 8. Ne5 Bd6 9. 0-0 Ne7 10. Qa4+ Bd7 11. Qxd7+ Qxd7 12. Nxd7 Kxd7 13. dxc5 Bxc5 14. Nd2 Nc6 15. Nb3 Ba7 16. Re1 a5 17. Be3 a4 18. Nc5+ Bxc5 19. Bxc5 Rab8 20. Re2 Rb5 21. Ba3 Na5 22. Rd1 Rc8 23. f4 f6 24. Rde1 Re8 25. Bb4 Nc6 26. Ba3 Na5 27. Bb4 Nc6 28. Ba3 e5 29. c4 dxc4 30. Rc2 Na5 31. Rd2+ Kc8 32. Kf2 Rd8 33. Rxd8+ Kxd8 34. fxe5 Rxe5 35. Rxe5 fxe5 36. Bd6 Nc6 37. Ke3 Kd7 38. Bf8 g6 39. Ke4 Ke6 40. Bg7 Nb4 41. Bxe5 Nxa2 42. Bh8 Nb4 43. Kd4 a3 44. bxa3 Nc2+ 45. Kxc4 Nxa3+ 46. Kd4 Kf5 47. Ke3 Nc4+ 48. Kf2 Ke4 49. Bg7 h5 50. Bh6 Ne5 51. h3 Nd3+ 52. Kg3 Ne5 53. Bc1 Kf5 54. h4 Ke4 55. Bh6 Nf7 56. Bc1 Nd6 57. Bg5 Kf5 58. Be7 Ne4+ 59. Kf3 1/2-1/2

[Event "Brno Dedek Memorial-A"]
[Site "Brno"]
[Date "2005.??.??"]
[Round "4"]
[White "Martisek, Karel"]
[Black "Licka, Vlastimil"]
[Result "0-1"]
[WhiteElo "1795"]
[BlackElo "1905"]
[PlyCount "62"]
[EventDate "2005.??.??"]
[EventType "tourn"]
[EventRounds "11"]
[EventCountry "CZE"]
[SourceTitle "EXT 2007"]
[Source "ChessBase"]
[SourceDate "2006.11.23"]
[SourceVersion "1"]
[SourceVersionDate "2006.11.23"]
[SourceQuality "1"]

1. e4 d6 2. d4 Nf6 3. Nc3 Nbd7 4. Nf3 e5 5. dxe5 dxe5 6. Bg5 Be7 7. Bd3 c6 8. 0-0 0-0 9. Qe2 Qc7 10. Rad1 a5 11. Nh4 Nc5 12. Rfe1 Ne6 13. Bxf6 Bxf6 14. Nf5 g6 15. Ne3 Nd4 16. Qf1 Be6 17. Bc4 Rad8 18. Bxe6 Nxe6 19. Rxd8 Rxd8 20. Rd1 Rd4 21. Ng4 Bg7 22. Rxd4 exd4 23. Nd1 h5 24. h3 hxg4 25. hxg4 Qf4 26. f3 Be5 27. Qf2 Qh2+ 28. Kf1 Bg3 29. Qg1 Qh6 30. Ke2 Qc1 31. c3 Nf4+ 0-1

[Event "Brno Dedek Memorial-A"]
[Site "Brno"]
[Date "2005.??.??"]
[Round "6"]
[White "Nemec, Miloslav"]
[Black "Licka, Vlastimil"]
[Result "0-1"]
[WhiteElo "2060"]
[BlackElo "1905"]
[PlyCount "110"]
[EventDate "2005.??.??"]
[EventType "tourn"]
[EventRounds "11"]
[EventCountry "CZE"]
[SourceTitle "EXT 2007"]
[Source "ChessBase"]
[SourceDate "2006.11.23"]
[SourceVersion "1"]
[SourceVersionDate "2006.11.23"]
[SourceQuality "1"]

1. c4 Nf6 2. Nf3 g6 3. g3 Bg7 4. Bg2 0-0 5. 0-0 d5 6. cxd5 Nxd5 7. e4 Nb6 8. d4 Bg4 9. d5 c6 10. Nc3 cxd5 11. Nxd5 Nc6 12. Nxb6 Qxb6 13. Rb1 Rfd8 14. Qa4 Bxf3 15. Bxf3 Nd4 16. Bd1 Rac8 17. Be3 e5 18. Bg4 Rc5 19. b4 Rc4 20. Rfc1 Rxc1+ 21. Rxc1 a6 22. Bg5 f6 23. Be3 Bf8 24. a3 h5 25. Bd1 Bd6 26. Kg2 Qb5 27. Qxb5 Nxb5 28. Bb6 Rb8 29. Bb3+ Kf8 30. Rd1 Ke7 31. a4 Nc3 32. Rxd6 Kxd6 33. Bc5+ Kd7 34. Bf7 Nxe4 35. Be3 g5 36. Bxh5 Ke6 37. Bg6 Nc3 38. a5 Rg8 39. Bd3 Rd8 40. Bc4+ Kf5 41. h3 Nd5 42. Bc5 e4 43. Be2 Ke5 44. Bc4 f5 45. h4 gxh4 46. gxh4 f4 47. Bb3 Rg8+ 48. Kh3 e3 49. Bd1 Ke4 50. Bc2+ Kf3 51. Bb3 Rd8 52. fxe3 fxe3 53. Bc4 e2 54. Bxe2+ Kxe2 55. Kg4 Nxb4 0-1

[Event "Brno Dedek Memorial-B"]
[Site "Brno"]
[Date "2004.02.03"]
[Round "8"]
[White "Vesely, Jaromir"]
[Black "Licka, Vlastimil"]
[Result "1/2-1/2"]
[WhiteElo "2078"]
[BlackElo "1909"]
[PlyCount "33"]
[EventDate "2004.01.06"]
[EventType "tourn"]
[EventRounds "9"]
[EventCountry "CZE"]
[SourceTitle "EXT 2006"]
[Source "ChessBase"]
[SourceDate "2005.11.24"]
[SourceVersion "1"]
[SourceVersionDate "2005.11.24"]
[SourceQuality "1"]

1. d4 Nf6 2. c4 d6 3. Nc3 c6 4. e4 Nbd7 5. Nf3 e5 6. Be2 Be7 7. 0-0 0-0 8. h3 Qc7 9. Be3 Re8 10. Qc2 Nf8 11. c5 exd4 12. cxd6 Bxd6 13. Nxd4 Bf4 14. Bxf4 Qxf4 15. Bd3 Qh4 16. Nf3 Qh5 17. e5 1/2-1/2

[Event "Brno Dedek Memorial-B"]
[Site "Brno"]
[Date "2004.01.27"]
[Round "6"]
[White "Urban, Jaroslav"]
[Black "Licka, Vlastimil"]
[Result "0-1"]
[WhiteElo "1787"]
[BlackElo "1909"]
[PlyCount "108"]
[EventDate "2004.01.06"]
[EventType "tourn"]
[EventRounds "9"]
[EventCountry "CZE"]
[SourceTitle "EXT 2006"]
[Source "ChessBase"]
[SourceDate "2005.11.24"]
[SourceVersion "1"]
[SourceVersionDate "2005.11.24"]
[SourceQuality "1"]

1. d4 Nf6 2. Nf3 d6 3. Nc3 Bg4 4. Bg5 Nbd7 5. h3 Bxf3 6. exf3 d5 7. Be2 e6 8. 0-0 c6 9. Re1 Bd6 10. Qd2 Qc7 11. Nd1 h6 12. Be3 0-0 13. c4 dxc4 14. Bxc4 Nd5 15. Nc3 N7f6 16. Ne4 Nxe4 17. fxe4 Bb4 18. Qe2 Nxe3 19. fxe3 Bxe1 20. Rxe1 Qe7 21. Rf1 Rad8 22. Bb3 a5 23. a3 Qc7 24. Ba2 Rde8 25. Rf2 b5 26. Qg4 Qe7 27. h4 Kh8 28. Bb1 e5 29. d5 Qc5 30. Kh2 Qxe3 31. Rf1 Qc5 32. Ba2 cxd5 33. exd5 Qd6 34. Qe2 e4+ 35. g3 b4 36. a4 f5 37. Qe3 Qe5 38. b3 Qxd5 39. Bb1 Qe5 40. Kh3 Qc3 41. Qb6 f4 42. Qg6 Qxg3+ 43. Qxg3 fxg3 44. Rxf8+ Rxf8 45. Bxe4 Re8 46. Bd5 Re3 47. Bf7 Rf3 48. Bd5 Rc3 49. Bf7 Kh7 50. h5 g6 51. hxg6+ Kg7 52. Kg2 h5 53. Kh3 h4 54. Kg2 Rc2+ 0-1

[Event "Brno Dedek Memorial-B"]
[Site "Brno"]
[Date "2004.01.20"]
[Round "5"]
[White "Licka, Vlastimil"]
[Black "Kopkan, Pavel"]
[Result "0-1"]
[WhiteElo "1909"]
[BlackElo "1889"]
[PlyCount "96"]
[EventDate "2004.01.06"]
[EventType "tourn"]
[EventRounds "9"]
[EventCountry "CZE"]
[SourceTitle "EXT 2006"]
[Source "ChessBase"]
[SourceDate "2005.11.24"]
[SourceVersion "1"]
[SourceVersionDate "2005.11.24"]
[SourceQuality "1"]

1. d4 Nf6 2. Nf3 e6 3. Bg5 c5 4. c3 Nc6 5. e3 Qb6 6. Qc2 Ne4 7. Nbd2 Nxg5 8. Nxg5 Be7 9. Ngf3 d5 10. Be2 Bd7 11. 0-0 Rc8 12. dxc5 Bxc5 13. Nb3 Bd6 14. Qd2 0-0 15. e4 dxe4 16. Qxd6 exf3 17. Bxf3 Rfd8 18. Rfd1 Be8 19. Qf4 Ne7 20. Rd4 Ng6 21. Qe3 Rxd4 22. Qxd4 Bc6 23. Qxb6 axb6 24. Bxc6 bxc6 25. Rd1 Kf8 26. Kf1 Ke7 27. Ke2 Ne5 28. Nd2 Ra8 29. a3 Rd8 30. Nf1 Rxd1 31. Kxd1 Nd3 32. f3 Nxb2+ 33. Kc2 Nc4 34. Kb3 b5 35. a4 Kd6 36. Kb4 Kd5 37. axb5 cxb5 38. Kxb5 f5 39. Ng3 g6 40. Ne2 e5 41. g3 Nd2 42. f4 e4 43. Kb4 e3 44. c4+ Ke4 45. Kc3 Kf3 46. Kd3 Ne4 47. Nd4+ Kf2 48. Nc2 e2 0-1

[Event "Brno Gargulak Memorial-B"]
[Site "Brno"]
[Date "2004.??.??"]
[Round "1"]
[White "Doskar, Miloslav"]
[Black "Licka, Vlastimil"]
[Result "1-0"]
[WhiteElo "1685"]
[BlackElo "1905"]
[PlyCount "83"]
[EventDate "2004.??.??"]
[EventType "tourn"]
[EventRounds "11"]
[EventCountry "CZE"]
[SourceTitle "EXT 2007"]
[Source "ChessBase"]
[SourceDate "2006.11.23"]
[SourceVersion "1"]
[SourceVersionDate "2006.11.23"]
[SourceQuality "1"]

1. d4 Nf6 2. c4 g6 3. Nc3 d5 4. cxd5 Nxd5 5. e4 Nxc3 6. bxc3 Bg7 7. Nf3 c5 8. Be2 Nc6 9. Be3 Qa5 10. Bd2 0-0 11. 0-0 Bg4 12. Rb1 Qxa2 13. Rxb7 Bxf3 14. Bxf3 cxd4 15. cxd4 Nxd4 16. Be3 e5 17. Bg4 Rab8 18. Rd7 Rfd8 19. Bxd4 Rxd7 20. Bxd7 exd4 21. Bc6 Qa3 22. Bd5 a5 23. Qg4 Qd6 24. h4 h5 25. Qf3 Qe7 26. Qg3 Rb6 27. f4 Bf6 28. Qxg6+ Kf8 29. Qh6+ Ke8 30. Rc1 Rd6 31. Bc6+ Kd8 32. Qxh5 Qa7 33. e5 d3+ 34. Kh1 d2 35. Rd1 Rxc6 36. Rxd2+ Kc7 37. Qxf7+ Kb6 38. Qb3+ Ka6 39. exf6 Rc1+ 40. Kh2 Qg1+ 41. Kh3 Qh1+ 42. Kg4 1-0

[Event "Brno Gargulak Memorial-B"]
[Site "Brno"]
[Date "2004.??.??"]
[Round "5"]
[White "Simbera, Jiri"]
[Black "Licka, Vlastimil"]
[Result "0-1"]
[WhiteElo "2075"]
[BlackElo "1905"]
[PlyCount "118"]
[EventDate "2004.??.??"]
[EventType "tourn"]
[EventRounds "11"]
[EventCountry "CZE"]
[SourceTitle "EXT 2007"]
[Source "ChessBase"]
[SourceDate "2006.11.23"]
[SourceVersion "1"]
[SourceVersionDate "2006.11.23"]
[SourceQuality "1"]

1. f4 d5 2. Nf3 c5 3. e3 Bg4 4. h3 Bxf3 5. Qxf3 e6 6. Bb5+ Nd7 7. a4 a6 8. Be2 Ngf6 9. 0-0 Qc7 10. Nc3 g6 11. d3 d4 12. Ne4 Nd5 13. Nf2 Nxe3 14. Bxe3 dxe3 15. Nd1 Bg7 16. c3 0-0 17. Nxe3 Rad8 18. Bd1 Nf6 19. Bc2 Nd5 20. Nc4 b5 21. axb5 axb5 22. Nd2 b4 23. Ne4 bxc3 24. bxc3 Nxc3 25. Rae1 Nxe4 26. Rxe4 Rd4 27. Rfe1 Rfd8 28. Kh1 Qa5 29. Qf1 Rb8 30. Rxd4 Bxd4 31. Rb1 Rxb1 32. Bxb1 Qd2 33. Kh2 Be3 34. Kg3 Kg7 35. h4 Bxf4+ 36. Qxf4 Qe1+ 37. Kh2 Qxb1 38. Qe5+ Kg8 39. Qc3 Qb4 40. Qf6 Qd4 41. Qe7 Kg7 42. g3 h5 43. Qc7 Qxd3 44. Qe5+ Kh7 45. Qxc5 Qf5 46. Qa7 e5 47. Kg2 e4 48. Qe3 Qf3+ 49. Qxf3 exf3+ 50. Kxf3 Kg7 51. Ke4 Kf6 52. Kf4 Ke6 53. g4 hxg4 54. Kxg4 f6 55. Kf4 Kd5 56. Ke3 Ke5 57. Kf3 Kf5 58. Kg3 Ke4 59. Kg4 Ke3 0-1